Statistiques concernant Pays les plus proches de l'Afrique

Cliquez ici pour prendre le quiz!

Statistiques générales

  • Ce quiz a été pris 1 122 fois
  • Le résultat moyen est 16 sur 20

Statistiques - réponses

kmpays% Correct
0Espagne
99%
450France
95%
202Portugal
95%
144Italie
94%
101Arabie Saoudite
91%
507Turquie
90%
258Grèce
88%
183Israël
87%
20Yémen
85%
570Oman
83%
288Malte
80%
332Liban
79%
365Syrie
78%
352Chypre
77%
645Irak
77%
212Jordanie
75%
549Vatican
61%
637Andorre
58%
737Monaco
57%
21Royaume-Uni
Gibraltar
48%

Distribution des résultats

Percentile par nombre de réponses

% des personnes avec chaque résultat

Votre développement - résultats

Vous n’avez pas pris ce quiz